Applied differential geometry
Αποθηκεύτηκε σε:
| Κύριος συγγραφέας: | |
|---|---|
| Μορφή: | Βιβλίο |
| Γλώσσα: | English |
| Δημοσίευση: |
Cambridge [Cambridgeshire] ; New York :
Cambridge University Press,
1985
|
| Θέματα: | |
| Ετικέτες: |
Προσθήκη ετικέτας
Δεν υπάρχουν, Καταχωρήστε ετικέτα πρώτοι!
|
MARC
| LEADER | 00000cam a2200000 i 4500 | ||
|---|---|---|---|
| 001 | 1/37113 | ||
| 008 | 941103s1985 eng d | ||
| 020 | |a 0521263174 | ||
| 020 | |a 0521269296 | ||
| 035 | |l 10040418 | ||
| 035 | |a 1987 | ||
| 040 | |a GR-MY-UA |b gre |e aacr | ||
| 041 | 0 | |a eng | |
| 082 | 0 | |a 516.36 | |
| 100 | 1 | |a Burke, William L. | |
| 245 | 1 | 0 | |a Applied differential geometry / |c William L. Burke |
| 260 | |a Cambridge [Cambridgeshire] ; New York : |b Cambridge University Press, |c 1985 | ||
| 300 | |a xvii, 414 p.; |b ill.; |c 24 cm. | ||
| 500 | |a Includes index | ||
| 504 | |a Bibliography: p. 409-410 | ||
| 650 | 0 | 0 | |a Geometry, Differential. |
| 650 | 0 | 0 | |a Mathematical physics. |
| 852 | |a INST |b SAMOS |e 19941103 |h 516.36 BUR |p 005300001189 |q 005300001189 |t BK |y 0 | ||
| 909 | |a Σ |b 008364 | ||